000 01131nam a2200265 a 4500
001 54953
003 BD-RjUL
005 20211209080207.0
008 161113m19721970ii ||||| |||| 00| 0 ben d
020 _c: IRS. 10.00 (V-1, 4 & 6)
035 _a(BD-RjUL)55075
040 _aBD-RjUL
_bben
_cBD-RjUL
_dBD-RjUL
041 _aben
082 _223
_a294.5092254
_bROB V-1-12 1970-1972
100 1 _aরায়, শঙ্করনাথ
_9119563
245 1 0 _aভারতের সাধক /
_cশঙ্করনাথ রায়
250 _a৬ষ্ঠ সং.
260 _aকলিকাতা :
_bকরুণা প্রকাশনী,
_c১৯৭০-১৯৭২
300 _a খন্ড. ;
_c২১ সেমি.
500 _a"১৩৭০ সালে রবীন্দ্র পুরস্কার জয়ী মহান জীবনীগ্রন্থ"
505 0 _aখণ্ড ২ --- খণ্ড ৪ -- খণ্ড ৬
650 _aসাধক
_zভারত
_xসংগৃহীত জীবনী
_9163843
650 _aSaints
_zIndian
_xCollected Biography
_9163844
942 _2ddc
_cBK
999 _c54953
_d54953